000 00848nam a22002657a 4500
001 BR7702589
003 BR-BrBNA
005 20230928085254.0
007 ta
008 230509b bl.||||| |||| 00| 0 por d
040 _aBR-BrBNA
_bpor
_cBiblioteca Nacional de Agricultura
041 _a(Por)
072 _aF25
_b3801
_b/G514
090 _ 3801 BR7702589
110 1 _aEmpresa de Assistencia Tecnica e Extensao Rural do Estado de Mato Grosso, Cuiaba (Brasil)
_94017
245 1 _aLevantamento da situacao de consumo e aquisicao de fertilizantes no estado de Mato Grosso; ano 1976 [Brasil]
_bProjeto EMBRATER FAO-MA
260 3 _aCampo Grande, MT (Brasil):
_c1977.
300 _a8 p.
650 _aFERTILIZANTE
650 _aCONSUMO
650 _aADUBACAO
650 _aMATO GROSSO
909 _a202309
_bLucia
_c55
_dLucia Elande
942 _cBK
999 _c23606
_d23606